All Countries that have Ever Participated in Eurovision - Statistics

General Stats
  • This quiz has been taken 15,947 times
    11,903 since last reset
  • The average score is 45 of 52
Answer Stats
Country % Correct
United Kingdom
98%
Sweden
96%
Finland
95%
France
94%
Norway
94%
Russia
94%
Spain
94%
Austria
93%
Germany
93%
Ireland
93%
Albania
92%
Belgium
92%
Estonia
92%
Portugal
92%
Ukraine
92%
Denmark
91%
Italy
91%
Latvia
91%
Luxembourg
91%
Andorra
90%
Greece
90%
Iceland
90%
Lithuania
90%
Netherlands
90%
Serbia
90%
Slovenia
90%
Australia
89%
Slovakia
89%
Belarus
88%
Croatia
88%
Poland
87%
Switzerland
87%
Armenia
86%
Azerbaijan
86%
Bosnia and Herzegovina
86%
Bulgaria
86%
Czech Republic
86%
Israel
86%
Romania
86%
San Marino
86%
Hungary
85%
Montenegro
85%
Turkey
85%
Monaco
83%
Cyprus
82%
Malta
82%
Moldova
82%
North Macedonia
82%
Georgia
78%
Morocco
64%
Yugoslavia
60%
Serbia and Montenegro
31%
No matching quizzes found
Score Distribution
Percent of People with Each Score
Percentile by Number Answered
Your Score History
You have not taken this quiz since the last reset